[Event "BEL-ch U20"]
[Site "Worriken Buetgenbach"]
[Date "2004.04.11"]
[Round "9.7"]
[White "Brackx, Roland"]
[Black "Stroh, Daniel"]
[Result "1/2-1/2"]
[WhiteElo "1694"]
[BlackElo "1521"]
[PlyCount "43"]
[EventDate "2004.04.03"]
[EventType "swiss"]
[EventRounds "9"]
[EventCountry "BEL"]
[SourceTitle "EXT 2006"]
[Source "ChessBase"]
[SourceDate "2005.11.24"]
[SourceVersion "1"]
[SourceVersionDate "2005.11.24"]
[SourceQuality "1"]

1. e4 b6 2. d4 Bb7 3. Nc3 e6 4. Be3 Bb4 5. f3 Nf6 6. a3 Bxc3+ 7. bxc3 d5 8. e5 Nfd7 9. f4 Ba6 10. Ne2 Qh4+ 11. g3 Qg4 12. Kf2 Qf5 13. Qd2 f6 14. h3 fxe5 15. g4 Qf7 16. Kg3 Rf8 17. Rh2 exd4 18. cxd4 Nf6 19. Nc3 Bxf1 20. Rxf1 Nc6 21. Rhf2 0-0-0 22. Qd3 1/2-1/2

[Event "BEL-ch U20"]
[Site "Worriken Buetgenbach"]
[Date "2004.04.10"]
[Round "8.6"]
[White "De Bock, Lennart"]
[Black "Brackx, Roland"]
[Result "1-0"]
[WhiteElo "1860"]
[BlackElo "1694"]
[PlyCount "83"]
[EventDate "2004.04.03"]
[EventType "swiss"]
[EventRounds "9"]
[EventCountry "BEL"]
[SourceTitle "EXT 2006"]
[Source "ChessBase"]
[SourceDate "2005.11.24"]
[SourceVersion "1"]
[SourceVersionDate "2005.11.24"]
[SourceQuality "1"]

1. d4 d5 2. c4 e5 3. dxe5 d4 4. Nf3 Nc6 5. g3 f6 6. exf6 Nxf6 7. Bg2 Bc5 8. 0-0 0-0 9. Bf4 Be6 10. Nbd2 Qd7 11. Nb3 Bb6 12. c5 Bxb3 13. Qxb3+ Kh8 14. cxb6 cxb6 15. Ne5 Nxe5 16. Bxe5 Ng4 17. Bh3 Qf5 18. Bxd4 Qh5 19. Bxg4 Qxg4 20. e3 Rf5 21. Qe6 Qh5 22. Rac1 Rff8 23. Rc7 Rg8 24. Rfc1 Rae8 25. Qf7 Qg4 26. Rxb7 Ref8 27. Bxg7+ Qxg7 28. Qxg7+ Rxg7 29. Rxg7 Kxg7 30. Rc7+ Kg6 31. Rxa7 Kf5 32. Rxh7 Ke4 33. Rh4+ Kd3 34. Rd4+ Ke2 35. h4 b5 36. h5 b4 37. Rxb4 Rxf2 38. Rf4 Rxf4 39. exf4 Kf3 40. h6 Kg4 41. Kg2 Kh5 42. h7 1-0